000 00948nam a22003491i 4500
001 56209
003 DO-SdBNP
005 20170922133152.0
007 56209
008 990501s1972 dr spa
016 7 _a
_z
_2BPSMU
017 _a
_b
020 _a
035 _a
040 _aBPMSU
_bspa
_cBPMSU
041 1 _aspa
_h
080 0 _a
082 _a570.15195
_bM524i
100 1 _a Mella, César
245 1 0 _aIntroducción a la bioestadística /
_h
_c Cesar Mella, Mondesto Tavávez, Orlando Mejía
260 _aBarcelona
_bReverté
_ccop. 1980
300 _a163 p. :
_bil.;
_c24 cm
500 _a
504 _a Bibliografía: p. 163
650 4 _a BIOESTADÍSTICA
_2
700 1 2 _aTavávez, Mondesto
700 1 2 _aMejía, Orlando
910 _aValidado. Control de calidad MFF
942 _2ddc
_cBK
945 _aTitulo remanejado para la BNPHU
956 _aVAMATEO
_2
_b10
_c20160620
_dBPMSU
_f0069
999 _c10446
_d10446